Konzert No. 2 C moll, Op. 56 für Pianoforte

Hlavní autor: Scharwenka, Xaver, 1850-1924
Jazyk: Nelze použít, není lingvistický obsah
Vydáno: Leipzig : Breitkopf & Härtel, [1910?]
Fyzický popis: 53 s.
Hudebniny Hudebniny
Uloženo v:
LEADER 00698ncm a22002052a 4500
001 001191480
003 CZ BrMZK
005 20120604081932.0
007 qu
008 120125s1910 gw |||||||||||||||||zxx d
040 |a BOA001  |b cze 
072 7 |a 786  |x Hudba pro klávesové nástroje  |2 Konspekt  |9 9 
100 1 |a Scharwenka, Xaver,  |d 1850-1924  |7 kup19960000087193  |4 cmp 
245 1 0 |a Konzert No. 2 C moll, Op. 56  |h [hudebnina] :  |b für Pianoforte  |c Xaver Scharwenka 
260 |a Leipzig :  |b Breitkopf & Härtel,  |c [1910?] 
300 |a 53 s. 
910 |a BOA001  |b Mus4-0357.283 
990 |a MU 
991 |b 201201 
996 6 |b 2619598972  |c Mus4-0357.283  |l MZK  |r Sklad / do 1 hodiny  |n 0  |p W  |w 001224845  |u 000010  |a 1  |e BOA001  |j MZK50  |s P